[Event "2025 Spring TNM: 1600-1999"]
[Site "San Francisco"]
[Date "2025.04.01"]
[Round "5.15"]
[White "Powers, Christopher"]
[Black "Boyer, John"]
[Result "0-1"]
[WhiteElo "1818"]
[BlackElo "1598"]
[PlyCount "60"]
[GameId "2162445511223069"]
[EventDate "2025.??.??"]

1. e4 c5 2. Nf3 a6 3. d4 cxd4 4. Nxd4 Nf6 5. Nc3 e5 6. Nf3 Bb4 7. Bd2 d6 8. Bd3 O-O 9. h3 Re8 10. Qe2 Bxc3 11. Bxc3 d5 12. O-O d4 13. Bd2 Nc6 14. Nh2 Qb6 15. a3 Bd7 16. b3 Rac8 17. f4 exf4 18. Rxf4 Ne5 19. Raf1 Nxd3 20. cxd3 Rc6 21. Nf3 Nh5 22. Rxf7 Ng3 23. Qf2 Nxf1 24. Bb4 Kxf7 25. Ne5+ Kg8 26. Qf7+ Kh8 27. Qxd7 Rxe5 28. Bf8 Rg6 29. Qc8 Qc6 30. Qb8 Re8 0-1

[Event "2025 Spring TNM: 1600-1999"]
[Site "San Francisco"]
[Date "2025.04.01"]
[Round "5.16"]
[White "Abraham, Michael David"]
[Black "Babayan, Gagik"]
[Result "0-1"]
[Annotator "Abraham,Michael David"]
[WhiteElo "1558"]
[BlackElo "1711"]
[PlyCount "90"]
[GameId "2162427732951088"]
[EventDate "2025.??.??"]

{[%evp 0,90,17,34,8,10,13,60,17,13,158,6,20,12,25,20,12,29,22,33,54,51,48,49,61,35,53,29,-5,0,-34,0,0,-5,-20,-78,-71,-110,-74,-97,-81,-134,-4,-112,-109,-110,-129,-204,-237,-170,-201,-249,-261,-226,-275,-219,-220,-66,-133,8,-86,74,-101,-94,1,-59,8,-147,87,191,78,65,69,67,-1,70,243,88,121,71,133,71,89,57,69,46,52,50,59,42,75,-762,-872]} 1. d4 d5 2. c4 e6 3. Nf3 a6 4. Nc3 dxc4 5. a4 Nf6 6. Bg5 Be7 7. e3 {(This is not blitz... I will NOT capture on f6.)} O-O 8. Bxc4 Nbd7 9. O-O Nb6 10. Bd3 h6 11. Bxf6 Bxf6 12. Qc2 c6 13. Rad1 Nd5 14. Nxd5 {(Well, I want to keep my light squared bishop even if it means letting his get into the game too)} exd5 15. h3 Re8 16. Rfe1 Qd6 17. e4 dxe4 18. Rxe4 Rxe4 19. Bxe4 Be6 20. Kf1 {(me struggling to find a concrete plan of any type)} Qb4 21. d5 {(took me an embarrassingly long time to find)} cxd5 22. Bxd5 Rc8 23. Qe2 Bxd5 24. Rxd5 Qxa4 {(I almost resigned here but decided to give my opponent the opportunity to make mistakes.)} 25. g3 Qa1+ 26. Kg2 Qxb2 27. Rd2 Qb4 28. Rd7 b5 29. Qa2 {(the first glimmer of hope for me)} Qc4 30. Qxa6 b4 31. Qb7 {[#]} b3 $2 {(Perhaps black had relaxed too much at this point)} (31... Rc6 $1 {(EW: Acc. to Stockfish 17.1 the *only* move to get a serious advantage!)}) 32. Nd2 Qc2 33. Qxb3 {(I almost captured with the knight but was hoping he wouldn't notice the threat on f7. He didn't.)} Qf5 $6 34. Qxf7+ {(I was torn about whether to capture with the rook or queen but decided I wanted both pieces on the 7th rank)} Kh7 35. g4 Qf4 36. Nf3 Rc3 37. Qd5 Qb4 $4 {(EW: Losing!!)} 38. Rb7 $4 $14 (38. g5 $18) (38. Rf7 $18) (38. Qf5+ $1 Kh8 (38... Kg8 39. Qe6+ Kh8 40. Qe8+ Kh7 41. g5 $1 $18) 39. Ne5 $18) 38... Qf4 39. Ra7 Rc8 40. Qd3+ Kh8 41. Qd7 Rf8 42. Nh4 Qe4+ 43. Nf3 Bc3 44. Qb7 Qe2 45. Kg3 Bd4 0-1

[Event "2025 Spring TNM: 1600-1999"]
[Site "San Francisco"]
[Date "2025.04.01"]
[Round "5.17"]
[White "Yan, Rayna"]
[Black "Stults, Sawyer"]
[Result "1/2-1/2"]
[WhiteElo "1642"]
[BlackElo "1424"]
[PlyCount "97"]
[GameId "2162445511223071"]
[EventDate "2025.??.??"]

1. d4 d5 2. c4 e6 3. Nc3 Nf6 4. Nf3 c5 5. cxd5 exd5 6. Bg5 Be6 7. dxc5 Bxc5 8. e3 O-O 9. Be2 Nbd7 10. O-O a6 11. Nd4 Rc8 12. Rc1 Ba7 13. Bf3 b5 14. Nxd5 Bxd5 15. Bxd5 Rxc1 16. Qxc1 Bxd4 17. exd4 Qb6 18. Bf3 Qxd4 19. Rd1 Qb6 20. Qc6 Qa5 21. a3 Re8 22. h3 Re1+ 23. Kh2 Rxd1 24. Bxd1 h6 25. Qc8+ Kh7 26. Bxf6 Nxf6 27. Qf5+ Kh8 28. Qc8+ Kh7 29. Bc2+ g6 30. Qc6 Kg7 31. Bb3 Qd2 32. Qc7 Nd5 33. Qd6 Qf4+ 34. Qxf4 Nxf4 35. Bc2 Kf6 36. g3 Ne6 37. Kg2 Ke5 38. Kf1 Kd4 39. Ke2 Kc4 40. Kd2 Nc5 41. Ke3 Ne6 42. Kd2 Ng5 43. h4 Nf3+ 44. Ke3 Ne1 45. Kd2 Nxc2 46. Kxc2 Kd4 47. Kd2 g5 48. hxg5 hxg5 49. g4 1/2-1/2

[Event "2025 Spring TNM: 1600-1999"]
[Site "San Francisco"]
[Date "2025.04.01"]
[Round "5.18"]
[White "Chan, John"]
[Black "Pickering, Carl Anthony"]
[Result "1-0"]
[WhiteElo "1520"]
[BlackElo "1634"]
[PlyCount "73"]
[GameId "2162445511223072"]
[EventDate "2025.??.??"]

1. c4 d5 2. e3 e5 3. cxd5 c6 4. dxc6 Nxc6 5. Bb5 Bd7 6. Bxc6 Bxc6 7. Nf3 Bd6 8. Nc3 Nf6 9. d3 O-O 10. e4 Qb6 11. O-O h6 12. Qe2 Rad8 13. Be3 Qc7 14. h3 a6 15. Rac1 Qd7 16. Bb6 Rde8 17. Be3 Kh7 18. Nh4 Ng8 19. Nf5 Ne7 20. Ng3 f5 21. exf5 Nxf5 22. Nge4 Nd4 23. Bxd4 exd4 24. Nd1 Qe6 25. f3 Qe5 26. g4 Bb5 27. Rf2 h5 28. Rg2 hxg4 29. hxg4 Rf4 30. Ndf2 Ref8 31. Nh3 Re8 32. Nxf4 Qxf4 33. Rd1 Bb8 34. Qf2 Kg6 35. Qh4 Qe3+ 36. Kh1 Bf4 37. Qh5# 1-0

[Event "2025 Spring TNM: 1600-1999"]
[Site "San Francisco"]
[Date "2025.04.01"]
[Round "5.19"]
[White "Schaezlein, Charlie"]
[Black "Mays-Smith, Isaac S"]
[Result "1/2-1/2"]
[WhiteElo "1473"]
[BlackElo "1619"]
[PlyCount "75"]
[GameId "2162445511231265"]
[EventDate "2025.??.??"]

1. e4 e5 2. Nf3 Nf6 3. d4 Nxe4 4. Bd3 d5 5. Nxe5 Nd7 6. Nxd7 Bxd7 7. O-O Be7 8. Nc3 Nxc3 9. bxc3 b5 10. Re1 O-O 11. Qh5 f5 12. Bf4 g6 13. Qh3 Bf6 14. Rab1 c6 15. Be5 Re8 16. Bxf6 Qxf6 17. Qf3 Qg5 18. Bxb5 Qd2 19. Rxe8+ Rxe8 20. Qd3 Re1+ 21. Rxe1 Qxe1+ 22. Qf1 Qxc3 23. Bd3 Kf7 24. h3 Qxd4 25. c4 Be6 26. cxd5 Bxd5 27. Qb1 Kf6 28. Bf1 a5 29. a4 Qxa4 30. Qb8 Kg7 31. Qe5+ Kh6 32. Qf6 Qb4 33. h4 Qg4 34. Qf8+ Kh5 35. Qe7 Kh6 36. Qf8+ Kh5 37. Qe7 Kh6 38. Qf8+ 1/2-1/2

[Event "2025 Spring TNM: 1600-1999"]
[Site "San Francisco"]
[Date "2025.04.01"]
[Round "5.20"]
[White "Touset, Stephen"]
[Black "Siegel, David"]
[Result "0-1"]
[Annotator "Siegel,David"]
[WhiteElo "1600"]
[BlackElo "1446"]
[PlyCount "70"]
[GameId "2162586865339751"]
[EventDate "2025.??.??"]

{[%evp 0,70,22,0,9,0,8,-3,9,9,13,8,13,8,10,9,28,16,30,34,28,24,56,52,61,25,23,-3,9,18,43,15,11,8,10,13,15,-1,-12,-29,10,4,103,-4,-3,3,5,5,19,-4,9,118,17,7,25,112,0,-3,-17,-106,-39,-176,-230,-176,-450,-396,-410,-636,-439,-704,-721,-1590,-1600]} 1. d4 d5 2. Bf4 c5 {(The Accelerated London System, Steinitz Countergambit)} 3. e3 Nc6 4. Nf3 Bg4 5. Nbd2 cxd4 6. exd4 e6 {White did not hang a pawn here:} (6... Nxd4 $4 7. Nxd4 $1 Bxd1 8. Bb5+) 7. c3 Nf6 (7... Bd6 {is probably a better move.}) 8. h3 Bh5 9. Qb3 Qc8 {I thought I might be getting crushed here, so I thought for a long time before playing Qc8. The computer actually preferred Bd6 again for Black, and if White tries to take the b-pawn Black allegedly has compensation.} 10. Nh4 h6 11. Bh2 Be7 {I thought that 12. g4 Nd7 13. gxh5 Bxh4 looked ok for Black, but we both missed that (12. g4 Nd7 13. Ndf3!) gives White an advantage.} 12. Bd3 Ne4 13. Nhf3 Nxd2 14. Nxd2 f6 {I finally had some breathing room. My thought behind f6 was to prevent (15. g4 Bg6 16. Bxg6 fxg6) from creating a backwards pawn on e6, and it also retains some flexibility on playing e5 vs f5. However it did weaken the White squares around my king.} 15. Qc2 O-O 16. O-O e5 17. Bf5 Qc7 18. Rfe1 Bd6 19. Be6+ Kh8 {I avoided the bishop trade because I didn't want to simplify the position yet. I liked the idea of the d-file opening up with my bishop eyeing d1 and e2, and the knight tactics on d4 seemed favorable.} 20. Bxd5 Nxd4 21. Qd3 Nc6 22. Bb3 Ne7 {I wanted to be able to respond to a future Bc2 mate threat with Bg6, but this does place an absurd number of black pieces on black squares.} 23. Ne4 Rad8 24. Qc4 Qxc4 25. Bxc4 Bc7 {It seems like Black has control over the d-file and White cannot put a rook there, or even lift one to the second rank, because of the White bishop on h5. The computer suggestion (26. f3) helps White to regain control with an equal score (=0.0), but it does weaken king safety a bit. The game continuation (26. Nc5) has a similar computer score, but requires more precise followup to maintain equality.} 26. Nc5 Rd2 27. b4 Bb6 28. Ne4 ({The computer suggestion for move 28 is wild:} 28. Bf4 $1) 28... Rb2 {I made some calculations and took a deep breath... this was a committal move...} 29. Bg3 $6 {(-0.41 → -1.21) Inaccuracy.} (29. a4 {was best:} a5 30. bxa5 Bxa5 31. Rab1 Rxb1 32. Rxb1 Rc8 33. Nd6 Rc6 34. g4 Bg6) 29... f5 30. Nd6 $4 {(-1.00 → -4.11) Blunder. Nc5 was best.} (30. Nc5 f4) 30... f4 {All the tactics work for Black now.} 31. Rxe5 $2 {(-3.84 → -6.36) Mistake. Bh4 was best.} (31. Bh4 Ng6 32. Nxb7 Nxh4 33. Nc5 Rf5 34. Ne4 Rg5 35. Nxg5 hxg5 36. Rf1 e4) 31... fxg3 32. Rxh5 Rfxf2 33. Nf7+ Kh7 34. Ng5+ Kg6 35. Bf7+ $2 {(-8.13 → Mate in 8) Checkmate is now unavoidable. 35. Kh1 was best.} (35. Kh1 hxg5 36. Rh7 Kxh7 37. Bf1 Kh6 38. a4 Ra2 39. Re1 Rf8 40. Bd3 g6) 35... Rxf7+ 0-1

[Event "2025 Spring TNM: 1600-1999"]
[Site "San Francisco"]
[Date "2025.04.01"]
[Round "5.21"]
[White "Casares, Nick"]
[Black "Tam, Hoa Long"]
[Result "0-1"]
[Annotator "Tam,Hoa Long"]
[WhiteElo "1600"]
[BlackElo "1589"]
[PlyCount "84"]
[GameId "2163011059713405"]
[EventDate "2025.??.??"]

{[%evp 0,38,12,5,30,91,22,25,28,29,27,17,15,8,24,0,51,40,39,38,34,27,35,56,44,29,54,34,80,44,26,59,64,22,3,3,23,29,93,-36,7]} 1. e4 c6 2. d4 d5 3. e5 c5 4. dxc5 e6 5. Be3 Nd7 6. Bb5 Ne7 7. b4 a5 8. c3 axb4 $6 (8... Nc6 9. f4 (9. Bxc6 bxc6 10. Bd4 Qg5 $15) 9... axb4 10. Bxc6 bxc6 11. cxb4 $14) 9. cxb4 Nc6 10. Bxc6 bxc6 11. Nf3 Qc7 12. Bd4 Ba6 13. Nc3 g6 14. Ne2 (14. Qd2 Bg7 15. Qe3 O-O 16. a4 Rfb8 (16... Bc4 17. Nd2 Bxe5 (17... Nxe5 18. Bxe5 Qxe5 19. Qxe5 Bxe5 20. Nxc4 dxc4 21. Rc1 Bxc3+ 22. Rxc3 Rxa4 23. Rxc4 Rb8 $10) 18. Nxc4 dxc4 19. Bxe5 Nxe5 20. O-O $14) 17. b5 $16) 14... Bg7 15. O-O Nxe5 16. Bxe5 Bxe5 17. Nxe5 Qxe5 18. Re1 O-O 19. Nd4 Qc7 20. f4 $146 Bc4 (20... Qxf4 21. Nxc6 $16 {The three connected White passers on the queenside are going to be much faster than anything Black can get going in the center.}) 21. a4 Ra6 {[%cal Ga6c6]} 22. Qg4 Rfa8 23. f5 e5 (23... exf5 24. Nxf5 $16 {Black cannot allow the White knight to take up residence on d6.}) 24. Qg5 $2 {White tries to save the knight with a mate threat, but the White queen is just a little too slow.} exd4 25. f6 (25. Re8+ {Attempting to cut off the Black queen from f8 does not work.} Rxe8 26. f6 Qe5 $19) 25... Qd8 {[%cal Gd8f8]} 26. Re7 Qf8 27. a5 Rb8 28. Qd2 d3 29. Rae1 Raa8 30. Qe3 (30. Kf2 {A long line here. Not meant to be exhaustive analysis, just to get a sense of what happens if White lands a pawn on e7.} Re8 31. R1e5 Rxe7 32. Rxe7 Re8 33. Qe3 Rxe7 34. fxe7 Qe8 35. Ke1 $10 {White has temporarily stopped me from distracting the queen with d3-d2. It is also unclear how either side can make progress here. The a- and b-pawns are frozen by the Black bishop. If the f7 pawn ever moves, White will play Qd6 to keep my king from accessing f7. With the queen stuck on d8 and the king locked out of d8, the only idea is to play d5-d4 to sacrifice the bishop to deflect the queen, at which point the d3 pawn will probably also fall and White will start rolling the a pawn down the board.}) 30... Rxb4 31. Qd2 (31. Re8 Rxe8 32. Qxe8 d2 33. Qxf8+ Kxf8 34. Rd1 Rb2 $19) 31... Rbb8 32. h3 Re8 33. Qg5 Rxe7 34. Rxe7 (34. fxe7 Qe8 $19 {White cannot hold onto both the e7 and a5 pawns.}) 34... Rxa5 35. Qe3 Ra8 36. Qd4 (36. Qd2 {Trying to keep my queen boxed in by covering h6.} Re8 37. Qe3 Rxe7 38. Qxe7 (38. fxe7 Qe8 39. Kf2 d2 $19) 38... d2 $19) 36... Qh6 37. Qe5 d2 38. Re8+ (38. Qd4 Ra1+ 39. Kh2 d1=Q 40. Re8+ Qf8 41. Rxf8+ Kxf8 $19) 38... Rxe8 39. Qxe8+ Qf8 {[%csl Ge2][%cal Gc4e2]} 40. Qe3 d1=Q+ 41. Kh2 Qb8+ 42. g3 Qb2+ 0-1

[Event "2025 Spring TNM: u1600"]
[Site "San Francisco"]
[Date "2025.04.01"]
[Round "5.6"]
[White "Karwat, Joseph"]
[Black "Lee, Yinpok R"]
[Result "1-0"]
[WhiteElo "1315"]
[BlackElo "935"]
[PlyCount "51"]
[GameId "2162445511231268"]
[EventDate "2025.??.??"]

1. e4 {[%emt 0:00:02]} c6 {[%emt 0:00:09]} 2. d4 {[%emt 0:00:16]} d5 {[%emt 0:00:13]} 3. e5 {[%emt 0:00:13]} c5 {[%emt 0:00:24]} 4. dxc5 {[%emt 0:00:55]} Nc6 {[%emt 0:00:15]} 5. Bb5 {[%emt 0:02:56]} Bf5 {[%emt 0:04:22]} 6. Nf3 {[%emt 0:02:29]} e6 {[%emt 0:00:23]} 7. Nd4 {[%emt 0:08:36]} Nge7 {[%emt 0:05:02]} 8. b4 {[%emt 0:07:32]} a6 {[%emt 0:02:00]} 9. Bxc6+ {[%emt 0:06:27]} bxc6 {[%emt 0:01:46]} 10. O-O {[%emt 0:02:20]} Bg6 {[%emt 0:03:44]} 11. f4 {[%emt 0:03:21]} Nf5 {[%emt 0:01:14]} 12. Nxc6 {[%emt 0:02:38]} Qc7 {[%emt 0:02:05]} 13. Nd4 {[%emt 0:07:29]} Nxd4 {[%emt 0:00:58]} 14. Qxd4 {[%emt 0:00:25]} Bxc2 {[%emt 0:03:33]} 15. Be3 {[%emt 0:06:03]} Be7 {[%emt 0:09:45]} 16. Nc3 {[%emt 0:01:33]} Bf5 {[%emt 0:02:52]} 17. Rfc1 {[%emt 0:03:55]} Qc6 {[%emt 0:06:01]} 18. a4 {[%emt 0:01:37]} O-O {[%emt 0:00:31]} 19. b5 {[%emt 0:01:47]} axb5 {[%emt 0:07:17]} 20. axb5 {[%emt 0:00:21]} Qc7 {[%emt 0:00:59]} 21. c6 {[%emt 0:02:57]} Rfb8 {[%emt 0:03:33]} 22. Ra7 {[%emt 0:05:49]} Rxa7 {[%emt 0:04:29]} 23. Qxa7 {[%emt 0:00:21]} Qxa7 {[%emt 0:00:58]} 24. Bxa7 {[%emt 0:00:14]} Rc8 {[%emt 0:01:25]} 25. Na4 {[%emt 0:04:41]} Bd8 {[%emt 0:01:10]} 26. b6 {[%emt 0:01:51]} 1-0

[Event "2025 Spring TNM: u1600"]
[Site "San Francisco"]
[Date "2025.04.01"]
[Round "5.22"]
[White "Bayaraa, Bilguun"]
[Black "Barreyro, Romeo Belmes"]
[Result "1-0"]
[WhiteElo "1503"]
[BlackElo "1500"]
[PlyCount "67"]
[GameId "2162445511231269"]
[EventDate "2025.??.??"]

1. d4 f5 2. c4 Nf6 3. Nc3 e6 4. Nf3 Bb4 5. Bd2 O-O 6. a3 Be7 7. Qc2 b6 8. e3 Bb7 9. Bd3 Bxf3 10. gxf3 d5 11. cxd5 Nxd5 12. e4 Nxc3 13. Bxc3 Qd7 14. Rg1 Rf7 15. exf5 exf5 16. Bc4 Bf6 17. Bxf7+ Kxf7 18. Qb3+ Kf8 19. O-O-O Na6 20. d5 Nc5 21. Qc2 Bxc3 22. Qxc3 Re8 23. b4 Na4 24. Qd4 Re7 25. Rde1 a5 26. bxa5 Nc5 27. Qc4 Rf7 28. Re3 Qd6 29. Rge1 Rd7 30. Qh4 Nb3+ 31. Kb2 Rd8 32. Qxh7 Qxd5 33. Qh8+ Kf7 34. Re7+ 1-0

[Event "2025 Spring TNM: u1600"]
[Site "San Francisco"]
[Date "2025.04.01"]
[Round "5.23"]
[White "Zhao, Brandon"]
[Black "Wickliffe, Zachary"]
[Result "0-1"]
[WhiteElo "1280"]
[BlackElo "1260"]
[PlyCount "72"]
[GameId "2162445511231270"]
[EventDate "2025.??.??"]

1. e4 c5 2. c4 Nc6 3. g3 Nf6 4. Bg2 g6 5. Nc3 Bg7 6. Nge2 O-O 7. O-O d6 8. d3 Bd7 9. Nf4 Rb8 10. Rb1 a6 11. Nfd5 Nxd5 12. cxd5 Nd4 13. Be3 b5 14. Bxd4 Bxd4 15. Ne2 Bg7 16. f4 Qb6 17. Kh1 b4 18. f5 g5 19. h4 Bf6 20. hxg5 Bxg5 21. Nf4 f6 22. Qh5 Rf7 23. Bf3 Rg7 24. Nh3 Be8 25. Qg4 h5 26. Nxg5 hxg4 27. Ne6 Rh7+ 28. Kg2 gxf3+ 29. Rxf3 Bd7 30. Rf4 Bxe6 31. dxe6 c4 32. Rh1 Rxh1 33. Kxh1 Qe3 34. Rg4+ Kh7 35. Kh2 Qe2+ 36. Kh3 Qxg4+ 0-1

[Event "2025 Spring TNM: u1600"]
[Site "San Francisco"]
[Date "2025.04.01"]
[Round "5.25"]
[White "Hack, Richard"]
[Black "Singer, Andrew"]
[Result "1-0"]
[Annotator "Hack,Richard"]
[WhiteElo "1500"]
[BlackElo "1044"]
[PlyCount "93"]
[GameId "2162445511239464"]
[EventDate "2025.??.??"]

1. c4 e5 2. g3 Bc5 3. e3 Nf6 4. Bg2 O-O 5. Nc3 c6 6. Nf3 {6.Ne2 is still probably better, but I wanted the KN here. It was a little out of place at times, but it all worked out.} e4 7. Ng5 d5 8. d4 Bb6 9. cxd5 cxd5 10. O-O Bf5 11. f3 exf3 12. Nxf3 Re8 {I know the KP is backward, but it seemed as safe as Black's QP in many Sicilian lines.} 13. Nh4 Be6 14. Qd3 Qd7 15. Bd2 {I would have preferred to put the QB at a3, but thought I better keep it here.} Nc6 16. a3 Bh3 17. Nf5 Bxg2 18. Kxg2 Ne7 19. Nh6+ Kh8 {I think he should have gone to f8 to avoid the loss of the KBP.} 20. Nxf7+ Kg8 21. Ng5 Ng6 22. Rf5 {Now I kept thinking I really should have put it at f3, but attacking the IQP was useful.} Rad8 23. Raf1 Qe7 24. e4 dxe4 25. Qc4+ Nd5 26. Nxd5 Rxd5 27. Qxd5+ Kh8 28. Nf7+ Kg8 29. Nh6+ Kh8 30. Nf7+ Kg8 31. Nh6+ Kh8 32. Qg8+ Rxg8 33. Nf7+ Qxf7 34. Rxf7 Bxd4 35. Bc3 Bxc3 36. bxc3 Re8 37. h4 Kg8 38. Rxb7 e3 39. Kf3 Ne5+ 40. Ke2 a6 41. Rfb1 Nc4 42. Rb8 Rxb8 43. Rxb8+ Kf7 44. a4 h5 45. Rb4 Ne5 46. Kxe3 Kf6 47. Rb6+ {Here Black moved ...Nc4+. He called Scott Mason, the TD, to acknowledge his illegal move. Scott applied the 2-minute penalty, then added, "And it's touch move, unfortunately." So my opponent resigned, and we shook hands.} 1-0

[Event "2025 Spring TNM: u1600"]
[Site "San Francisco"]
[Date "2025.04.01"]
[Round "5.26"]
[White "Sloan, Sacha Marino"]
[Black "Le, Thu Anh"]
[Result "0-1"]
[Annotator "Le,Thu Anh"]
[WhiteElo "660"]
[BlackElo "1204"]
[PlyCount "92"]
[GameId "2162445511239465"]
[EventDate "2025.??.??"]

1. e4 e6 2. d4 d5 3. e5 c5 4. Nf3 Nc6 5. c3 Bd7 6. Bd3 Rc8 7. O-O cxd4 8. cxd4 Nb4 9. Nc3 Nxd3 10. Qxd3 Qb6 11. a3 Qa6 12. Qxa6 bxa6 {Probably the most imbalanced way for Black to play. I have looked at this line and knew that White is only ever so slightly better, but I liked Black's chances. While the doubled a-pawns are optically unprincipled, they limit White's pieces on the Q-side. Black exerts pressure with the open rook files and the bishop pair.} 13. h3 Ne7 14. Nh2 (14. Bd2) (14. Bg5) 14... Nc6 15. Be3 Be7 16. f4 Na5 17. Rae1 (17. f5 {I was more concerned about this move.} Nc4 18. fxe6 fxe6) (17. Nf3) 17... Nc4 18. Bc1 Nxa3 19. g4 (19. f5) (19. bxa3 {Only helps Black.} Rxc3) 19... Nb5 20. Ne2 (20. f5 Nxd4 21. f6 gxf6 22. exf6 Bb4) 20... Rc2 21. Nf3 Bb4 22. Nc3 Nxc3 23. bxc3 Bxc3 24. Rd1 Bb5 25. Rf2 Rxf2 (25... Be2 {I thought about this move for awhile. But after Rdf1, I didn't like that Black's pieces are stuck due to the rook pin. SF cold-bloodedly says \"leave it there, improve the rest of your pieces and you're fine.\"} 26. Rdf1 Kd7 27. Ba3 Rc8) 26. Kxf2 h6 {To stop Ng5.} (26... Kd7 27. Ng5 Rc8 28. Nxf7 {Too adventurous for my taste.} Bxd4+ {I overlooked this tactic.} 29. Rxd4 Rxc1) 27. Ba3 Kd7 28. Bc5 Rc8 29. Bxa7 Bb4 30. Ne1 Bxe1+ {\"Bishop sees, bishop takes.\" This move is a brain-rot. I traded Black's fantastic bishop for White's worse knight.} (30... a5 31. Nd3 Rc2+ 32. Kg1 Bxd3 33. Rxd3 a4) 31. Rxe1 Rc2+ 32. Kf3 Ra2 {To prevent Ra1, as I thought it would be more difficult for Black to queen the pawn later.} (32... a5 33. Rb1 (33. Ra1 a4) 33... Rc3+ 34. Kg2 Kc6) 33. f5 exf5 34. gxf5 Ra3+ 35. Re3 (35. Kg4 Ra2 36. e6+ fxe6 37. fxe6+ Ke8) 35... Rxe3+ 36. Kxe3 {At this point, I was frustrated.  Black went into a bishop pair endgame up 2 pawns, and yet botched it all into a close draw.} Bf1 37. h4 a5 38. Kf4 a4 39. Bc5 $1 Bd3 40. Bd6 $2 {My only chance left $1} f6 {Not this one.} (40... g6 41. f6 (41. fxg6 fxg6) 41... Bf5) 41. exf6 {But got lucky.} (41. Bc5 fxe5+ (41... Kc6 {A hard move to see, but the rest of the sequence is also not easy for both sides.} 42. e6 (42. Ba3) 42... g5+ 43. fxg6 Bxg6) 42. dxe5 Be4) 41... gxf6 42. Ba3 h5 {The K-side is locked. Now Black's plan is to march the king towards the queening pawn.} 43. Bc5 Kc6 44. Be7 Kb5 45. Bc5 (45. Bxf6 {Doesn't work because Black queens first.} a3 46. Be7 a2 47. f6 a1=Q) 45... Kc4 46. Be7 Kb3 {White resigned.} 0-1

[Event "2025 Spring TNM: u1600"]
[Site "San Francisco"]
[Date "2025.04.01"]
[Round "5.28"]
[White "Kojevnikov, Alexander"]
[Black "Burkhardt, Douglas Alan"]
[Result "1-0"]
[WhiteElo "1045"]
[BlackElo "739"]
[PlyCount "39"]
[GameId "2162445511239467"]
[EventDate "2025.??.??"]

1. e4 c6 2. d4 d5 3. exd5 cxd5 4. c4 Nf6 5. Nc3 e6 6. Nf3 a6 7. Bg5 Nc6 8. Bxf6 Qxf6 9. cxd5 exd5 10. Nxd5 Qe6+ 11. Be2 Qxd5 12. O-O Bd6 13. b3 b5 14. Rc1 O-O 15. Bd3 Nxd4 16. Nxd4 Qxd4 17. Bxh7+ Kxh7 18. Qxd4 Rd8 19. Qe4+ Kg8 20. Qxa8 1-0

[Event "2025 Spring TNM: u1600"]
[Site "San Francisco"]
[Date "2025.04.01"]
[Round "5.29"]
[White "Blum, Paul"]
[Black "Smith, Daniel"]
[Result "0-1"]
[WhiteElo "1016"]
[BlackElo "1126"]
[PlyCount "66"]
[GameId "2162445511247660"]
[EventDate "2025.??.??"]

1. e4 c5 2. a3 e6 3. Nf3 d5 4. exd5 exd5 5. d4 Nc6 6. Bb5 Nf6 7. O-O Be7 8. Ne5 Bd7 9. Nxc6 bxc6 10. Ba4 O-O 11. c3 Qc7 12. Nd2 Ng4 13. Nf3 Bf5 14. h3 Nf6 15. Bg5 Ne4 16. Bh4 Rfe8 17. Bc2 Rab8 18. Rb1 cxd4 19. Qxd4 Be6 20. Rfd1 c5 21. Qd3 c4 22. Qd4 Bc5 23. Qe5 Qb6 24. Bxe4 dxe4 25. Qxe4 Bxh3 26. Qxc4 Bf5 27. Rbc1 Rbc8 28. Qa2 Qg6 29. b4 Bb6 30. Bg3 Qxg3 31. Nd4 Bxd4 32. Rxd4 Qe5 33. f4 Qe3+ 0-1